| 000 | 00449nam a2200169Ia 4500 | ||
|---|---|---|---|
| 003 | GCL | ||
| 008 | 140319s9999 xx 000 0 ara d | ||
| 040 |
_aGCL / _cGCL |
||
| 082 | 0 | 4 |
_a245 _bم ا |
| 100 | 1 | _aمصطفى الشكعة | |
| 245 | 1 | 0 |
_aاسلام بلا مذاهب / _cمصطفى الشكعة |
| 260 |
_a[S.N] : _bيونيسف ، _c1994 |
||
| 300 | _a551 ص | ||
| 490 | _a | ||
| 650 | 0 | 4 | _aالاسلام - مذاهب |
| 942 |
_2ddc _cBK |
||
| 999 |
_c48237 _d48237 |
||